| 000 | 00755nam a2200193 4500 | ||
|---|---|---|---|
| 003 | CO-ViMGA | ||
| 020 | _a9789587669473 | ||
| 040 |
_aCO-ViMGA _bspa _cCO-ViMGA |
||
| 090 | _aC FUCe | ||
| 100 | 1 |
_aFucci, Emma _92235 |
|
| 245 | 1 | 0 |
_aEnredados : _botra vez / _cTextos Emma Fucci |
| 260 |
_aBogota : _bPanamericana, _c2019 |
||
| 300 |
_a[10] p. : _bil. ; 25 cm. _e5 rompecabezas |
||
| 490 | _aMi primer libro con rompecabezas | ||
| 520 | _aConoce el nuevo mundo de Rapunzel y a todos los que la rodean. Para jugar solo tienes que quitar las piezas de cada rompecabezas y volver a colocarlas en su lugar. ¡Podrás armar las escenas una y otra vez! | ||
| 650 | 1 | 4 |
_aCuentos infantiles _92910 |
| 650 | 1 | 4 |
_aLibros ilustrados para niños _92909 |
| 942 |
_2ddc _cBK |
||
| 999 |
_c37152 _d37152 |
||